Blackstone's statutes on criminal law / (Record no. 50754)
[ view plain ]
| 000 -LEADER | |
|---|---|
| fixed length control field | 01499cac a2200421 i 4500 |
| 003 - CONTROL NUMBER IDENTIFIER | |
| control field | EG-GICUC |
| 005 - DATE AND TIME OF LATEST TRANSACTION | |
| control field | 20260121101508.0 |
| 008 - FIXED-LENGTH DATA ELEMENTS--GENERAL INFORMATION | |
| fixed length control field | 040430c2015 -ukar frl 0 0eng d |
| 020 ## - INTERNATIONAL STANDARD BOOK NUMBER | |
| International Standard Book Number | 9780198735960 |
| 040 ## - CATALOGING SOURCE | |
| Original cataloging agency | EG-GICUC |
| Language of cataloging | eng |
| Transcribing agency | EG-GICUC |
| Modifying agency | EG-GICUC |
| Description conventions | rda |
| 082 04 - DEWEY DECIMAL CLASSIFICATION NUMBER | |
| Edition number | 21 |
| Classification number | 343.01 |
| 092 04 - LOCALLY ASSIGNED DEWEY CALL NUMBER (OCLC) | |
| Edition number | 21 |
| 099 ## - LOCAL FREE-TEXT CALL NUMBER (OCLC) | |
| Classification number | Law 10 2015 |
| 245 00 - TITLE STATEMENT | |
| Title | Blackstone's statutes on criminal law / |
| Statement of responsibility, etc. | edited by P. R. Glazebrook. |
| 246 30 - VARYING FORM OF TITLE | |
| Title proper/short title | Criminal law |
| 246 18 - VARYING FORM OF TITLE | |
| Title proper/short title | Blackstone's criminal law |
| 246 1# - VARYING FORM OF TITLE | |
| Display text | Vols. for 2015/2016- have title: |
| Title proper/short title | Blackstone's statutes on criminal law arranged by subject |
| 250 ## - EDITION STATEMENT | |
| Edition statement | 25th edition. |
| 264 ## - PRODUCTION, PUBLICATION, DISTRIBUTION, MANUFACTURE, AND COPYRIGHT NOTICE | |
| Place of production, publication, distribution, manufacture | Oxford : |
| Name of producer, publisher, distributor, manufacturer | Oxford University Press, |
| Date of production, publication, distribution, manufacture, or copyright notice | 2015. |
| 300 ## - PHYSICAL DESCRIPTION | |
| Extent | xx. 434 page ; |
| Dimensions | 22 cm. |
| 310 ## - CURRENT PUBLICATION FREQUENCY | |
| Current publication frequency | Annual |
| 336 ## - CONTENT TYPE | |
| Content type term | text |
| Content type code | txt |
| Source | rdacontent |
| 337 ## - MEDIA TYPE | |
| Media type term | unmediated |
| Media type code | n |
| Source | rdamedia |
| 338 ## - CARRIER TYPE | |
| Carrier type term | volume |
| Carrier type code | nc |
| Source | rdacarrier |
| 362 1# - DATES OF PUBLICATION AND/OR SEQUENTIAL DESIGNATION | |
| Dates of publication and/or sequential designation | Began with 1st ed., published in 1989. |
| 490 1# - SERIES STATEMENT | |
| Series statement | Blackstone's statutes |
| 500 ## - GENERAL NOTE | |
| General note | Includes index. |
| 588 ## - SOURCE OF DESCRIPTION NOTE | |
| Source of description note | Description based on: 12th ed. (2002/2003); title from cover. |
| 650 #0 - SUBJECT ADDED ENTRY--TOPICAL TERM | |
| Topical term or geographic name entry element | Criminal law |
| Geographic subdivision | England. |
| 650 #0 - SUBJECT ADDED ENTRY--TOPICAL TERM | |
| Topical term or geographic name entry element | Criminal law |
| Geographic subdivision | Wales. |
| 650 #0 - SUBJECT ADDED ENTRY--TOPICAL TERM | |
| Topical term or geographic name entry element | Criminal law |
| Geographic subdivision | Great Britain. |
| 700 1# - ADDED ENTRY--PERSONAL NAME | |
| Personal name | Glazebrook, P. R., |
| Relator term | editor. |
| 787 08 - OTHER RELATIONSHIP ENTRY | |
| Relationship information | Has companion publication 2010/2011- : |
| Related parts | Blackstone's statutes on criminal law arranged chronologically |
| 830 #0 - SERIES ADDED ENTRY--UNIFORM TITLE | |
| Uniform title | Blackstone's statutes. |
| 856 40 - ELECTRONIC LOCATION AND ACCESS | |
| Uniform Resource Identifier | <a href="https://fll.law.cu.edu.eg/fulltext/bks/ENGB10-00045.pdf">https://fll.law.cu.edu.eg/fulltext/bks/ENGB10-00045.pdf</a> |
| 905 ## - Cataloger and Reviser Names | |
| Cataloger Name: | Hend El khosy |
| 942 ## - ADDED ENTRY ELEMENTS (KOHA) | |
| Source of classification or shelving scheme | Dewey Decimal Classification |
| Koha item type | Books |
| Edition | 21 |
| Suppress in OPAC | No |
| Withdrawn status | Lost status | Source of classification or shelving scheme | Damaged status | Not for loan | Collection | Home library | Current library | Date acquired | Total checkouts | Full call number | Barcode | Date last seen | Copy number | Price effective from | Koha item type | Public note |
|---|---|---|---|---|---|---|---|---|---|---|---|---|---|---|---|---|
| Dewey Decimal Classification | القانون الجنائي | جــــامعة القــاهرة | مكتبة كلية الحقوق - فـرع الشيخ زايد | 16.12.2025 | Law2 10 343.01 BL 25 ed - 2015 1000045 C1 | ENGB10-00045 | 16.12.2025 | 1 | 16.12.2025 | Books | 643 | |||||
| Dewey Decimal Classification | القانون الجنائي | جــــامعة القــاهرة | مكتبة كلية الحقوق - فـرع الشيخ زايد | 16.12.2025 | Law2 10 343.01 BL 25 ed - 2015 1000046 C2 | ENGB10-00046 | 16.12.2025 | 2 | 16.12.2025 | Books | 644 |